000 003430000a22001450004500
003 MACL
040 _aMACL
090 _c43127
_d43125
100 _aMibang, Tamo
245 _aMarriage in Tribal Societies
_bCultural Dynamics and Social realities
260 _bBookwell
_c2007
350 _a795
650 _aSociology
942 _cBOOK
_k301/MIB
999 _c42672
_d42672